[Event "XIV Open"]
[Site "Saint Vincent - Chatillon ITA"]
[Date "2006.10.07"]
[Round "8"]
[White "Baloire, Endy"]
[Black "Pieri, Enzo"]
[Result "1/2-1/2"]
[WhiteElo "1506"]
[BlackElo "1940"]
[PlyCount "41"]
[EventDate "2006.09.30"]

1. e4 c5 2. Nc3 d6 3. g3 e6 4. Bg2 Nf6 5. Nge2 Be7 6. O-O Nc6 7. d3 O-O 8. f4
Nd4 9. h3 h6 10. g4 Nh7 11. Be3 Nxe2+ 12. Nxe2 f5 13. Qd2 d5 14. e5 g5 15. fxg5
d4 16. g6 Ng5 17. h4 dxe3 18. Qxe3 Kg7 19. gxf5 exf5 20. hxg5 hxg5 21. c3
1/2-1/2

[Event "XIV Open"]
[Site "Saint Vincent - Chatillon ITA"]
[Date "2006.10.07"]
[Round "8"]
[White "Battistella, Stefano"]
[Black "Della Penna, Vincenzo"]
[Result "1-0"]
[WhiteElo "2065"]
[BlackElo "1527"]
[PlyCount "83"]
[EventDate "2006.09.30"]

1. d4 Nf6 2. g3 g6 3. Bg2 Bg7 4. e4 d6 5. Ne2 O-O 6. O-O Nc6 7. d5 Ne5 8. f4
Ned7 9. Nbc3 e5 10. dxe6 fxe6 11. h3 Qe7 12. g4 Nb6 13. b3 Rb8 14. a4 a6 15.
Ba3 Ne8 16. Qd3 Nd7 17. Rad1 Nc5 18. Qe3 b6 19. b4 Nb7 20. a5 c5 21. axb6 cxb4
22. Bxb4 a5 23. Ba3 Nc5 24. e5 Qf7 25. exd6 Nd7 26. f5 gxf5 27. Rxf5 Qg6 28.
Nf4 Qh6 29. g5 Qh4 30. Qxe6+ Kh8 31. Qe4 Qg3 32. Rd3 Ndf6 33. gxf6 Nxf6 34.
Rxf6 Qg5 35. Rxf8+ Bxf8 36. Nce2 Bb7 37. Bb2+ Bg7 38. Bxg7+ Qxg7 39. Qd4 Bxg2
40. Qxg7+ Kxg7 41. Kxg2 a4 42. d7 1-0

[Event "XIV Open"]
[Site "Saint Vincent - Chatillon ITA"]
[Date "2006.10.07"]
[Round "8"]
[White "Borgo, Giulio"]
[Black "Bannink, Bernard"]
[Result "1-0"]
[WhiteElo "2414"]
[BlackElo "2248"]
[PlyCount "143"]
[EventDate "2006.09.30"]

1. e4 e5 2. Bc4 Nf6 3. d3 c6 4. Nf3 d5 5. Bb3 Bg4 6. h3 Bxf3 7. Qxf3 dxe4 8.
dxe4 Bc5 9. Bg5 Nbd7 10. Nd2 Qe7 11. Nf1 h6 12. Bd2 Nf8 13. Ne3 Bxe3 14. Qxe3
Ne6 15. Bc4 b5 16. Be2 O-O 17. O-O a5 18. Rfd1 Rfd8 19. Bc3 Nf4 20. Rxd8+ Rxd8
21. Bf1 b4 22. Be1 c5 23. f3 Qd6 24. Bf2 Ne6 25. Rc1 Qd4 26. Qb3 Qd2 27. Qe3
Qd4 28. Rb1 Qxe3 29. Bxe3 Rd6 30. Rc1 Nd7 31. c3 Kf8 32. cxb4 axb4 33. Kf2 Nd4
34. h4 Ke7 35. g3 Rc6 36. f4 f6 37. b3 Kd6 38. Bd3 Rc7 39. Rd1 Ra7 40. Rd2 Nb8
41. Kf1 Nbc6 42. Kg2 Ra5 43. Bc4 Na7 44. Kh3 Nab5 45. Kg4 Nc3 46. Kh5 Nxe4 47.
Rg2 Nf5 48. Bf2 Nxf2 49. Rxf2 Nxg3+ 50. Kg6 Ra7 51. Rd2+ Kc6 52. f5 Re7 53.
Bd5+ Kb6 54. Rg2 Nf1 55. Re2 Ng3 56. Re3 Nf1 57. Rf3 Nd2 58. Rf2 Nb1 59. Bf7 e4
60. Kxg7 e3 61. Re2 Nc3 62. Re1 e2 63. Kxf6 Re4 64. h5 Nxa2 65. Bd5 Re3 66. Bc4
Nc3 67. Kg6 Kc6 68. f6 Kd6 69. Kxh6 Kd7 70. Kg7 Rg3+ 71. Kf7 Rh3 72. Be6+ 1-0

[Event "XIV Open"]
[Site "Saint Vincent - Chatillon ITA"]
[Date "2006.10.07"]
[Round "8"]
[White "Broekman, Willem"]
[Black "Bruno, Fabio"]
[Result "0-1"]
[WhiteElo "2151"]
[BlackElo "2388"]
[PlyCount "52"]
[EventDate "2006.09.30"]

1. d4 d5 2. c4 c6 3. Nf3 e6 4. cxd5 exd5 5. Nc3 Bf5 6. g3 Nd7 7. Bg2 Ngf6 8.
Bg5 Bd6 9. O-O h6 10. Bxf6 Nxf6 11. a3 O-O 12. Re1 Re8 13. e3 Qe7 14. Qc1 g5
15. b4 a6 16. Ra2 Qf8 17. Nd2 Qg7 18. Na4 Re7 19. Qb2 h5 20. Nc5 h4 21. Rc1
hxg3 22. hxg3 Qh7 23. Nf3 Ng4 24. Nxg5 Qh2+ 25. Kf1 Bxc5 26. Nf3 Bd3+ 0-1

[Event "XIV Open"]
[Site "Saint Vincent - Chatillon ITA"]
[Date "2006.10.07"]
[Round "8"]
[White "Calzolari, Giampietro"]
[Black "Marguerettaz, Davy"]
[Result "1/2-1/2"]
[WhiteElo "1890"]
[BlackElo "1700"]
[PlyCount "39"]
[EventDate "2006.09.30"]

1. e4 e5 2. Nf3 Nc6 3. Bb5 Nf6 4. d3 d6 5. c3 Be7 6. Nbd2 O-O 7. O-O a6 8. Ba4
Re8 9. Re1 Bf8 10. h3 b5 11. Bc2 Bb7 12. Nf1 g6 13. Ng3 Bg7 14. Bg5 h6 15. Be3
d5 16. Qd2 dxe4 17. dxe4 Qxd2 18. Nxd2 Rad8 19. Nb3 Bf8 20. Rad1 1/2-1/2

[Event "XIV Open"]
[Site "Saint Vincent - Chatillon ITA"]
[Date "2006.10.07"]
[Round "8"]
[White "D'Amore, Carlo"]
[Black "Naumkin, Igor"]
[Result "1/2-1/2"]
[WhiteElo "2470"]
[BlackElo "2430"]
[PlyCount "25"]
[EventDate "2006.09.30"]

1. e4 e6 2. d4 d5 3. Nc3 Nf6 4. Bg5 dxe4 5. Nxe4 Be7 6. Bxf6 gxf6 7. Nf3 a6 8.
g3 b5 9. Bg2 Bb7 10. Qe2 Nd7 11. O-O Bd5 12. Rfd1 c6 13. Nc3 1/2-1/2

[Event "XIV Open"]
[Site "Saint Vincent - Chatillon ITA"]
[Date "2006.10.07"]
[Round "8"]
[White "Didoni, Renato"]
[Black "Iacchetti, Giovanni"]
[Result "0-1"]
[WhiteElo "2076"]
[BlackElo "1804"]
[PlyCount "62"]
[EventDate "2006.09.30"]

1. b3 e5 2. Bb2 Nc6 3. e3 d5 4. Bb5 Bd6 5. f4 Qh4+ 6. g3 Qe7 7. Nf3 f6 8. Bxc6+
bxc6 9. fxe5 fxe5 10. Nxe5 Nf6 11. Nxc6 Qe4 12. O-O Bh3 13. Rf2 Ng4 14. Nc3
Qh1+ 15. Kxh1 Nxf2+ 16. Kg1 Nxd1 17. Nxd1 O-O 18. Nf2 Bd7 19. Nd4 Rf7 20. Kg2
Raf8 21. Rf1 c5 22. Ne2 Bc6 23. Nf4 d4+ 24. e4 Bxf4 25. gxf4 Rxf4 26. d3 Rf3
27. Ba3 R3f5 28. Kg3 Rg5+ 29. Kh4 Rg2 30. Bxc5 Rfxf2 31. c3 Rxh2+ 0-1

[Event "XIV Open"]
[Site "Saint Vincent - Chatillon ITA"]
[Date "2006.10.07"]
[Round "8"]
[White "Fragni, Enrico"]
[Black "Berlier, Filippo"]
[Result "1-0"]
[WhiteElo "1859"]
[BlackElo "1383"]
[PlyCount "49"]
[EventDate "2006.09.30"]

1. d4 Nf6 2. Nc3 e6 3. e4 Bb4 4. Bd3 Nc6 5. Nf3 d5 6. e5 Ne4 7. Bd2 Nxd2 8.
Qxd2 O-O 9. a3 Ba5 10. b4 Bb6 11. Ne2 a6 12. c3 Ne7 13. a4 Ng6 14. h4 Ba7 15.
h5 Nh8 16. g4 g6 17. Nf4 b6 18. Qc2 Qe7 19. Ke2 c5 20. hxg6 fxg6 21. Rh4 c4 22.
Bxg6 hxg6 23. Rxh8+ Kg7 24. Qxg6+ Kxh8 25. Rh1+ 1-0

[Event "XIV Open"]
[Site "Saint Vincent - Chatillon ITA"]
[Date "2006.10.07"]
[Round "8"]
[White "Mazzetta, Renato"]
[Black "Belabbas, Abdellah"]
[Result "1/2-1/2"]
[WhiteElo "1822"]
[BlackElo "1691"]
[PlyCount "69"]
[EventDate "2006.09.30"]

1. e4 c5 2. Nc3 d6 3. g3 Nc6 4. Bg2 e6 5. Nge2 Nf6 6. d3 a6 7. a4 Qc7 8. h3 b6
9. Be3 Bb7 10. Qd2 Be7 11. O-O Rd8 12. d4 cxd4 13. Nxd4 d5 14. exd5 Nxd4 15.
Bxd4 Nxd5 16. Nxd5 Bxd5 17. Qc3 Qb8 18. Bxg7 Rg8 19. Bxd5 Rxd5 20. Bh6 Bc5 21.
Kg2 Qd6 22. Qf3 Rg6 23. Bf4 Qd7 24. Rad1 Qxa4 25. Rxd5 exd5 26. Qxd5 Qxc2 27.
Re1+ Re6 28. Qc6+ Ke7 29. Bg5+ Kf8 30. Bh6+ Ke7 31. Bg5+ Kf8 32. Bh6+ Ke7 33.
Bg5+ Kf8 34. Bh6+ Ke7 35. Bg5+ 1/2-1/2

[Event "XIV Open"]
[Site "Saint Vincent - Chatillon ITA"]
[Date "2006.10.07"]
[Round "8"]
[White "Ortega, Lexy"]
[Black "Gauer, Jacques"]
[Result "1-0"]
[WhiteElo "2435"]
[BlackElo "1973"]
[PlyCount "41"]
[EventDate "2006.09.30"]

1. d4 Nf6 2. Nf3 g6 3. c4 Bg7 4. g3 O-O 5. Bg2 c6 6. Nc3 d5 7. Ne5 dxc4 8. Nxc4
Be6 9. b3 Nbd7 10. e4 Nb6 11. Ne3 Qd7 12. Bb2 Bh3 13. O-O Bxg2 14. Nxg2 Rfd8
15. Qc2 Qxd4 16. Nd5 Qxb2 17. Nxe7+ Kf8 18. Qxb2 Nfd5 19. Nxg6+ hxg6 20. Qa3+
Ne7 21. Rad1 1-0

[Event "XIV Open"]
[Site "Saint Vincent - Chatillon ITA"]
[Date "2006.10.07"]
[Round "8"]
[White "Pepino, Enrico"]
[Black "Poletti, Fausto"]
[Result "1/2-1/2"]
[WhiteElo "2187"]
[BlackElo "2096"]
[PlyCount "86"]
[EventDate "2006.09.30"]

1. e4 c5 2. Nf3 Nc6 3. d4 cxd4 4. Nxd4 Nf6 5. Nc3 e5 6. Ndb5 d6 7. Bg5 a6 8.
Na3 b5 9. Nd5 Be7 10. Bxf6 Bxf6 11. c3 Bg5 12. Nc2 Rb8 13. Be2 O-O 14. O-O f5
15. exf5 Bxf5 16. Ncb4 Nxb4 17. Nxb4 Rb6 18. a4 bxa4 19. Bxa6 Be6 20. Qe2 Qc7
21. Rxa4 d5 22. Bd3 e4 23. Bc2 Qe5 24. Ra6 Rxa6 25. Qxa6 e3 26. fxe3 Qxe3+ 27.
Kh1 Rxf1+ 28. Qxf1 d4 29. cxd4 Qxd4 30. Qe1 Qe3 31. Qxe3 Bxe3 32. Nd3 Bd2 33.
Kg1 Bc4 34. Kf2 Bxd3 35. Bxd3 h6 36. Kf3 Kf8 37. Ke4 Ke7 38. Kd5 Kd7 39. Kc5
Kc7 40. Kb5 Bf4 41. g3 Bc1 42. b3 Kb8 43. Kc6 Bb2 1/2-1/2

[Event "XIV Open"]
[Site "Saint Vincent - Chatillon ITA"]
[Date "2006.10.07"]
[Round "8"]
[White "Perrone, Samuel"]
[Black "Mazza, Maurizio"]
[Result "0-1"]
[WhiteElo "1401"]
[BlackElo "1700"]
[PlyCount "70"]
[EventDate "2006.09.30"]

1. e4 g6 2. Nf3 Bg7 3. d4 c6 4. c4 d5 5. cxd5 cxd5 6. exd5 Qxd5 7. Nc3 Qd8 8.
Bc4 Nf6 9. O-O O-O 10. Be3 a6 11. a4 Nbd7 12. Qd2 Nb6 13. Bd3 Re8 14. Rfe1 Bg4
15. Be2 Nbd5 16. h3 Nxe3 17. Qxe3 Bd7 18. Bc4 e6 19. b3 Nd5 20. Bxd5 exd5 21.
Qd2 Be6 22. Rab1 Qf6 23. Rbd1 Bxh3 24. Nxd5 Qf5 25. Ne7+ Rxe7 26. Rxe7 Qg4 27.
Ne1 Bf6 28. Rxb7 Re8 29. Kf1 Bg5 30. Qd3 Rxe1+ 31. Kxe1 Qxg2 32. Rb8+ Kg7 33.
Ke2 Bg4+ 34. Ke1 Qh1+ 35. Qf1 Qe4+ 0-1

[Event "XIV Open"]
[Site "Saint Vincent - Chatillon ITA"]
[Date "2006.10.07"]
[Round "8"]
[White "Piscopo, Pierluigi"]
[Black "De Santis, Alessio"]
[Result "1-0"]
[WhiteElo "2393"]
[BlackElo "2337"]
[PlyCount "73"]
[EventDate "2006.09.30"]

1. e4 c5 2. Nf3 e6 3. d4 cxd4 4. Nxd4 a6 5. Bd3 Qc7 6. O-O Nf6 7. Re1 h5 8. h3
Bc5 9. Be3 d6 10. Nd2 Bd7 11. c3 Nc6 12. Rc1 e5 13. Nc2 Be6 14. Bc4 b5 15. Bb3
Ne7 16. c4 b4 17. Bxc5 dxc5 18. Ne3 Nc6 19. Ba4 Kf8 20. Nd5 Qb7 21. Nb3 Nd7 22.
Qd3 Rc8 23. Qe3 Nd4 24. f4 Bxd5 25. Bxd7 Qxd7 26. cxd5 exf4 27. Qxf4 Nxb3 28.
axb3 Rh6 29. Qf3 g5 30. e5 g4 31. Qf4 Kg7 32. e6 fxe6 33. Qe5+ Kg8 34. dxe6 Qe7
35. Rcd1 Rc7 36. Qxc7 Qxc7 37. e7 1-0

[Event "XIV Open"]
[Site "Saint Vincent - Chatillon ITA"]
[Date "2006.10.07"]
[Round "8"]
[White "Rossi, Giampiero"]
[Black "Labarthe, Arnaud"]
[Result "0-1"]
[WhiteElo "2011"]
[BlackElo "2044"]
[PlyCount "109"]
[EventDate "2006.09.30"]

1. d4 c5 2. dxc5 Qa5+ 3. Nc3 Qxc5 4. e4 e6 5. Be3 Qa5 6. Bd3 Bc5 7. Qd2 Nf6 8.
h3 O-O 9. Nge2 Bxe3 10. Qxe3 Nc6 11. O-O Ne5 12. f4 Nxd3 13. cxd3 d6 14. a3 Bd7
15. b4 Qb6 16. Qf2 e5 17. Kh2 Qxf2 18. Rxf2 b5 19. fxe5 dxe5 20. d4 exd4 21.
Nxd4 Rfc8 22. Rf3 a5 23. Rb1 axb4 24. Rxb4 Rxa3 25. Ncxb5 Rxf3 26. gxf3 Rb8 27.
Rb3 Kf8 28. Nc3 Rxb3 29. Nxb3 Nh5 30. Nc5 Bc8 31. Ne2 Ke7 32. Nd4 Kd6 33. Nd3
Bd7 34. Kg2 g5 35. Kh2 f6 36. Kg2 Ng7 37. Kf2 h5 38. Kg2 h4 39. Kh2 Nh5 40. Kg2
Ng3 41. Kh2 Nf1+ 42. Kg2 Ne3+ 43. Kf2 Nc4 44. Kg2 Ne5 45. Nxe5 Kxe5 46. Nc2 Be6
47. Nb4 Bd7 48. Nc2 Kf4 49. Nb4 Be6 50. Kf2 Ke5 51. Kg2 Bc4 52. Nc6+ Kf4 53.
Nb4 Be6 54. Nc2 Bc4 55. Nb4 {...} 0-1

[Event "XIV Open"]
[Site "Saint Vincent - Chatillon ITA"]
[Date "2006.10.07"]
[Round "8"]
[White "Sarno, Spartaco"]
[Black "Petrescu, Cristian"]
[Result "1-0"]
[WhiteElo "2363"]
[BlackElo "2070"]
[PlyCount "81"]
[EventDate "2006.09.30"]

1. c4 Nf6 2. Nf3 g6 3. Nc3 Bg7 4. e4 d6 5. d4 O-O 6. Be2 e5 7. O-O Nc6 8. d5
Ne7 9. b4 a5 10. bxa5 Rxa5 11. a4 Nd7 12. Ba3 f5 13. Bb4 Ra8 14. a5 Nf6 15. c5
dxc5 16. Bxc5 Nxe4 17. Nxe4 fxe4 18. Ng5 b6 19. Bb4 h6 20. Bc4 Kh8 21. Nxe4
bxa5 22. Rxa5 Rxa5 23. Bxa5 Nf5 24. Qb1 Qe7 25. Rc1 Nd6 26. Bd3 Nxe4 27. Bxe4
Qh4 28. g3 Qh3 29. Rxc7 Bf5 30. Bc3 Qg4 31. Bxf5 gxf5 32. Qe1 Qe4 33. Qxe4 fxe4
34. Re7 Rf3 35. Bxe5 Bxe5 36. Rxe5 Rd3 37. Rxe4 Rxd5 38. Re7 Rc5 39. Kg2 Kg8
40. g4 Rc3 41. f3 1-0

[Event "XIV Open"]
[Site "Saint Vincent - Chatillon ITA"]
[Date "2006.10.07"]
[Round "8"]
[White "Testa, Adriano"]
[Black "Mondon, Fabrice"]
[Result "1/2-1/2"]
[WhiteElo "1729"]
[BlackElo "2001"]
[PlyCount "89"]
[EventDate "2006.09.30"]

1. e4 c5 2. Nf3 d6 3. d4 cxd4 4. Qxd4 Nc6 5. Bb5 Bd7 6. Bxc6 bxc6 7. O-O e5 8.
Qd3 Be7 9. h3 h6 10. Rd1 Nf6 11. Nbd2 O-O 12. Nc4 Be6 13. Qe2 Qc7 14. b3 Rfd8
15. Bd2 Rab8 16. Nb2 Nd7 17. c4 f5 18. Nd4 exd4 19. exf5 Bxf5 20. Qxe7 Re8 21.
Qh4 c5 22. Re1 Nf6 23. Bxh6 Qf7 24. Bf4 d3 25. Red1 Qg6 26. Qg5 Qh7 27. f3 Re2
28. Rd2 Rbe8 29. Rad1 Rxd2 30. Rxd2 Re2 31. Bxd6 Rxd2 32. Qxd2 Nd7 33. Na4 Qg6
34. Bxc5 Bxh3 35. Kf1 Nxc5 36. gxh3 Ne6 37. Nb2 Nc5 38. b4 Qf5 39. Kg2 Ne6 40.
Kg3 Qe5+ 41. f4 Nxf4 42. Qxf4 Qxb2 43. Qe4 d2 44. Qe8+ Kh7 45. Qh5+ 1/2-1/2

[Event "XIV Open"]
[Site "Saint Vincent - Chatillon ITA"]
[Date "2006.10.07"]
[Round "8"]
[White "Tiviakov, Sergei"]
[Black "Rotstein, Arkadij"]
[Result "1-0"]
[WhiteElo "2668"]
[BlackElo "2521"]
[PlyCount "81"]
[EventDate "2006.09.30"]

1. e4 c5 2. Nf3 e6 3. Nc3 d6 4. d4 cxd4 5. Nxd4 a6 6. Be2 Nf6 7. a4 b6 8. Bf3
Ra7 9. Be3 Rc7 10. O-O Nbd7 11. a5 bxa5 12. Nb3 Be7 13. Nxa5 O-O 14. Re1 Ne8
15. Qd2 Bf6 16. Na4 h6 17. Be2 Bg5 18. f4 Bh4 19. Red1 e5 20. Nc4 exf4 21. Bxf4
Bg5 22. Bxg5 Qxg5 23. Qxg5 hxg5 24. Nc3 Nc5 25. Nxd6 Nxd6 26. Rxd6 Re8 27. Rad1
Bb7 28. Rd8 Rce7 29. Bc4 Kf8 30. Rxe8+ Kxe8 31. Bd5 Bxd5 32. exd5 Kd7 33. Ra1
f5 34. Kf2 f4 35. Ra5 Kd6 36. Kf3 Rb7 37. Kg4 Rxb2 38. Rxc5 Kxc5 39. Na4+ Kxd5
40. Nxb2 Kd4 41. c4 1-0

[Event "XIV Open"]
[Site "Saint Vincent - Chatillon ITA"]
[Date "2006.10.07"]
[Round "8"]
[White "Trifunovic, Dusan"]
[Black "Roversi, Stefano"]
[Result "1-0"]
[WhiteElo "1985"]
[BlackElo "1857"]
[PlyCount "113"]
[EventDate "2006.09.30"]

1. e4 c5 2. c3 d5 3. exd5 Qxd5 4. d4 Nf6 5. Nf3 Bg4 6. Be2 e6 7. h3 Bh5 8. Be3
cxd4 9. Qxd4 Nc6 10. Qa4 Be7 11. Nbd2 O-O 12. Rd1 Qa5 13. Qxa5 Nxa5 14. Ne5
Bxe2 15. Kxe2 Rfd8 16. b4 Nc6 17. Nxc6 bxc6 18. Nb3 Nd5 19. Rc1 Bf6 20. Bd2
Rab8 21. a3 Nb6 22. Na5 Rbc8 23. Rhd1 Rd5 24. c4 Re5+ 25. Be3 Bg5 26. Rc3 Na4
27. Rb3 f5 28. Kf1 Bxe3 29. Rxe3 Rxe3 30. fxe3 Rc7 31. c5 Nc3 32. Rd6 Kf7 33.
Rxc6 Rxc6 34. Nxc6 Nb5 35. a4 Nc3 36. Ke1 Nxa4 37. Nxa7 Ke7 38. Kd2 Kd7 39. Kc2
g5 40. Kb3 Nxc5+ 41. bxc5 h5 42. h4 gxh4 43. Kc3 e5 44. Kd3 f4 45. exf4 exf4
46. Ke4 Kc7 47. Kxf4 Kb7 48. Nb5 Kc6 49. Nd4+ Kxc5 50. Nf5 h3 51. gxh3 Kd5 52.
Kg5 Ke6 53. Kg6 Ke5 54. Ne3 h4 55. Ng2 Ke4 56. Nxh4 Kf4 57. Nf5 1-0

[Event "XIV Open"]
[Site "Saint Vincent - Chatillon ITA"]
[Date "2006.10.08"]
[Round "9"]
[White "Bannink, Bernard"]
[Black "Rotstein, Arkadij"]
[Result "0-1"]
[WhiteElo "2248"]
[BlackElo "2521"]
[PlyCount "106"]
[EventDate "2006.09.30"]

1. d4 Nf6 2. Nf3 e6 3. e3 b6 4. Bd3 Bb7 5. O-O Be7 6. b3 O-O 7. Bb2 c5 8. Nbd2
Nc6 9. c4 cxd4 10. Nxd4 Ne5 11. Bc2 Qc7 12. N2f3 Nxf3+ 13. Nxf3 Rfd8 14. h3 d5
15. cxd5 Nxd5 16. Rc1 Qd7 17. Qe2 Nb4 18. Rfd1 Qe8 19. Bb1 Ba6 20. Qe1 Nd3 21.
Bxd3 Bxd3 22. Ne5 Be4 23. Rxd8 Rxd8 24. Rd1 f6 25. Rxd8 Qxd8 26. Nc4 b5 27. Nd2
Bb4 28. Bc1 Qd3 29. Qf1 Qxf1+ 30. Kxf1 Bd3+ 31. Ke1 Bc3 32. f3 Kf7 33. Kf2 Ke7
34. Ne4 Ba5 35. Bd2 Bc7 36. Bb4+ Kf7 37. Bc5 a5 38. Nd2 f5 39. f4 e5 40. g3 e4
41. Bd4 Bd6 42. Bc3 a4 43. b4 Be7 44. a3 g5 45. Bd4 Ke6 46. Bg7 Kd5 47. fxg5
Bxg5 48. Bc3 h5 49. h4 Bd8 50. Bg7 f4 51. Bd4 fxe3+ 52. Bxe3 Bf6 53. g4 Bxh4+
0-1

[Event "XIV Open"]
[Site "Saint Vincent - Chatillon ITA"]
[Date "2006.10.08"]
[Round "9"]
[White "Belabbas, Abdellah"]
[Black "Della Penna, Vincenzo"]
[Result "1/2-1/2"]
[WhiteElo "1691"]
[BlackElo "1527"]
[PlyCount "57"]
[EventDate "2006.09.30"]

1. e4 e5 2. Nf3 Nf6 3. Bc4 Bc5 4. O-O d6 5. c3 O-O 6. d4 exd4 7. cxd4 Bb6 8.
Nc3 Be6 9. Bd3 Bg4 10. e5 dxe5 11. dxe5 Nfd7 12. Bxh7+ Kh8 13. Be4 c6 14. h3
Bh5 15. g4 Bg6 16. Bxg6 fxg6 17. Ne4 Rxf3 18. Qxf3 Nxe5 19. Qg3 Nbd7 20. Ng5
Kg8 21. Bf4 Qf6 22. Qh4 Nf8 23. Be3 Nf7 24. Bxb6 Nxg5 25. Qg3 axb6 26. h4 Nf3+
27. Kg2 Nxh4+ 28. Kh3 Nf3 29. Kg2 1/2-1/2

[Event "XIV Open"]
[Site "Saint Vincent - Chatillon ITA"]
[Date "2006.10.08"]
[Round "9"]
[White "Berlier, Filippo"]
[Black "Perrone, Samuel"]
[Result "1-0"]
[WhiteElo "1383"]
[BlackElo "1401"]
[PlyCount "65"]
[EventDate "2006.09.30"]

1. d4 Nf6 2. c4 d5 3. Nf3 e6 4. cxd5 exd5 5. Nc3 Nc6 6. Bg5 Be7 7. e3 O-O 8.
Bd3 Be6 9. Qc2 g6 10. Bxf6 Bxf6 11. O-O Re8 12. Qb3 b6 13. Rac1 Qd7 14. Bb5 a6
15. Bxc6 Qxc6 16. Ne2 Qd6 17. Rc3 Bg4 18. Nf4 Bxf3 19. gxf3 Rad8 20. Rfc1 Re7
21. Rc6 Qd7 22. Rxf6 g5 23. Nd3 Qh3 24. Ne5 Kg7 25. Rcc6 Rd6 26. Rfxd6 cxd6 27.
Rxd6 f6 28. Nc6 Rc7 29. Qxd5 Rc8 30. Qe4 Rc7 31. Qg4 Qh6 32. Rd7+ Rxd7 33.
Qxd7+ 1-0

[Event "XIV Open"]
[Site "Saint Vincent - Chatillon ITA"]
[Date "2006.10.08"]
[Round "9"]
[White "Broekman, Willem"]
[Black "Testa, Adriano"]
[Result "1/2-1/2"]
[WhiteElo "2151"]
[BlackElo "1729"]
[PlyCount "84"]
[EventDate "2006.09.30"]

1. d4 d5 2. c4 e6 3. Nc3 Nf6 4. cxd5 exd5 5. Bg5 Be7 6. Qc2 c6 7. e3 Nbd7 8.
Bd3 O-O 9. Nf3 Re8 10. O-O g6 11. Rab1 Nh5 12. Bxe7 Qxe7 13. b4 a6 14. a4 Nb6
15. Nd2 Ng7 16. b5 axb5 17. axb5 c5 18. dxc5 Qxc5 19. Nb3 Qd6 20. Ra1 Bd7 21.
Nd4 Qb4 22. Qb3 Qxb3 23. Nxb3 Rec8 24. Ne2 Ne6 25. h3 Nc4 26. Ned4 Kf8 27. Be2
b6 28. Bf3 Nc7 29. Rxa8 Rxa8 30. Rc1 Ra4 31. e4 Nxb5 32. Nxb5 Bxb5 33. exd5 Ke7
34. Nd4 Bd7 35. Be2 b5 36. Bd1 Rb4 37. Nc2 Rb2 38. Be2 Kd6 39. Bxc4 bxc4 40.
Ne3 Bb5 41. Nxc4+ Bxc4 42. Rxc4 Kxd5 1/2-1/2

[Event "XIV Open"]
[Site "Saint Vincent - Chatillon ITA"]
[Date "2006.10.08"]
[Round "9"]
[White "Bruno, Fabio"]
[Black "Piscopo, Pierluigi"]
[Result "1/2-1/2"]
[WhiteElo "2388"]
[BlackElo "2393"]
[PlyCount "25"]
[EventDate "2006.09.30"]

1. d4 d5 2. c4 c6 3. cxd5 cxd5 4. Nf3 Nf6 5. Nc3 Nc6 6. Bf4 a6 7. e3 e6 8. Bd3
Bd6 9. Bg3 O-O 10. Rc1 Qe7 11. O-O Bxg3 12. hxg3 Bd7 13. Qe2 1/2-1/2

[Event "XIV Open"]
[Site "Saint Vincent - Chatillon ITA"]
[Date "2006.10.08"]
[Round "9"]
[White "D'Amore, Carlo"]
[Black "Borgo, Giulio"]
[Result "1/2-1/2"]
[WhiteElo "2470"]
[BlackElo "2414"]
[PlyCount "21"]
[EventDate "2006.09.30"]

1. Nf3 Nf6 2. g3 g6 3. Bg2 Bg7 4. O-O O-O 5. c4 c5 6. Nc3 Nc6 7. d3 d6 8. a3 a5
9. h3 Bd7 10. Rb1 Ne8 11. e3 1/2-1/2

[Event "XIV Open"]
[Site "Saint Vincent - Chatillon ITA"]
[Date "2006.10.08"]
[Round "9"]
[White "De Santis, Alessio"]
[Black "Calzolari, Giampietro"]
[Result "1-0"]
[WhiteElo "2337"]
[BlackElo "1890"]
[PlyCount "83"]
[EventDate "2006.09.30"]

1. d4 e6 2. c4 f5 3. g4 Nf6 4. gxf5 exf5 5. Nc3 Bb4 6. Qb3 Bxc3+ 7. bxc3 Ne4 8.
h4 O-O 9. c5+ Kh8 10. Bf4 d6 11. cxd6 cxd6 12. f3 Nf6 13. Nh3 Nc6 14. h5 Na5
15. Qb4 d5 16. h6 g6 17. Bc7 Qxc7 18. Qxf8+ Ng8 19. Ng5 Qxc3+ 20. Kf2 Qxd4+ 21.
e3 Qb2+ 22. Be2 Be6 23. Qg7+ Qxg7 24. hxg7+ Kxg7 25. Nxe6+ Kf6 26. Nc7 Rd8 27.
Rxh7 Ne7 28. Rd1 a6 29. e4 d4 30. e5+ Kxe5 31. Rxe7+ Kd6 32. Rg7 Nc6 33. f4 Rc8
34. Bf3 Rxc7 35. Rxc7 Kxc7 36. Bxc6 Kxc6 37. Rxd4 b5 38. Ke3 Kc5 39. Kd3 a5 40.
Rd8 Kb4 41. Rd5 a4 42. a3+ 1-0

[Event "XIV Open"]
[Site "Saint Vincent - Chatillon ITA"]
[Date "2006.10.08"]
[Round "9"]
[White "Fragni, Enrico"]
[Black "Zaccaria, Sonia"]
[Result "1-0"]
[WhiteElo "1859"]
[BlackElo "1413"]
[PlyCount "95"]
[EventDate "2006.09.30"]

1. d4 d5 2. Nc3 Nf6 3. h3 Nc6 4. Bg5 e6 5. Nf3 h6 6. Bxf6 Qxf6 7. e3 Bd6 8. Nb5
Qe7 9. a3 a6 10. Nxd6+ Qxd6 11. c4 O-O 12. c5 Qe7 13. Bd3 e5 14. dxe5 Nxe5 15.
b4 c6 16. O-O Qf6 17. Be2 Re8 18. Nh2 Qg6 19. Kh1 Be6 20. f4 Nc4 21. Rf3 Rad8
22. Nf1 Bf5 23. Rg3 Qf6 24. Ra2 Re6 25. Qc1 Re4 26. Bd3 Re6 27. Bxc4 dxc4 28.
Qxc4 Qh4 29. Kh2 Rg6 30. Rxg6 Bxg6 31. Qe2 Qf6 32. Rd2 Rxd2 33. Qxd2 Qa1 34.
Ng3 Qxa3 35. f5 Bxf5 36. Nxf5 Kh7 37. Qd4 f6 38. Qe4 Qb2 39. Nd4+ Kh8 40. Nf3
Qc3 41. Qd4 Qb3 42. e4 Qb1 43. e5 fxe5 44. Nxe5 Qf1 45. Ng4 h5 46. Ne3 Qf2 47.
Qe5 h4 48. Nf5 1-0

[Event "XIV Open"]
[Site "Saint Vincent - Chatillon ITA"]
[Date "2006.10.08"]
[Round "9"]
[White "Iacchetti, Giovanni"]
[Black "Astengo, Corrado"]
[Result "0-1"]
[WhiteElo "1804"]
[BlackElo "2119"]
[PlyCount "66"]
[EventDate "2006.09.30"]

1. Nf3 Nf6 2. c4 c6 3. Nc3 d5 4. cxd5 cxd5 5. e3 Nc6 6. a3 a6 7. d4 Bg4 8. Be2
e6 9. O-O Bd6 10. Bd2 O-O 11. Rc1 Rc8 12. b4 b5 13. h3 Bxf3 14. Bxf3 Bb8 15. g3
Ne8 16. Bg2 Nd6 17. Qe2 Nc4 18. a4 Qb6 19. axb5 axb5 20. Rb1 Bd6 21. Rfc1 Rb8
22. Na2 Ra8 23. Be1 Ra4 24. Nc3 Rxb4 25. Rxb4 Bxb4 26. Rb1 Qa5 27. Qd3 Bxc3 28.
Bxc3 b4 29. Ra1 Qb6 30. Rb1 Ra8 31. Qd1 Ra3 32. Qc1 Rxc3 33. Qxc3 bxc3 0-1

[Event "XIV Open"]
[Site "Saint Vincent - Chatillon ITA"]
[Date "2006.10.08"]
[Round "9"]
[White "Labarthe, Arnaud"]
[Black "Battistella, Stefano"]
[Result "0-1"]
[WhiteElo "2044"]
[BlackElo "2065"]
[PlyCount "85"]
[EventDate "2006.09.30"]

1. d4 Nf6 2. Nc3 d5 3. Bg5 Bf5 4. f3 Nbd7 5. Nxd5 Nxd5 6. e4 h6 7. Bh4 c6 8.
Qd2 Qb6 9. c3 Bh7 10. exd5 cxd5 11. Bd3 Bxd3 12. Qxd3 Qxb2 13. Rb1 Qxg2 14. Bg3
b6 15. Ne2 g5 16. Rg1 Qh3 17. Kf2 Qe6 18. Rbe1 Qc6 19. f4 Nf6 20. fxg5 Ne4+ 21.
Kg2 hxg5 22. Be5 f6 23. Bg3 Rc8 24. Qa6 Qd7 25. Kh1 Kf7 26. Qd3 Bg7 27. Ref1 e6
28. Be1 f5 29. Ng3 Bf6 30. Nxe4 dxe4 31. Qa6 Qc7 32. Qe2 Qc4 33. Qxc4 Rxc4 34.
d5 f4 35. dxe6+ Kxe6 36. Rg4 Kf5 37. Rg2 Rh3 38. Rb2 Bxc3 39. Rb5+ Rc5 40. Rb3
Rd3 41. Bf2 e3 42. Be1 Ke4 43. Bxc3 0-1

[Event "XIV Open"]
[Site "Saint Vincent - Chatillon ITA"]
[Date "2006.10.08"]
[Round "9"]
[White "Marguerettaz, Davy"]
[Black "Rossi, Giampiero"]
[Result "0-1"]
[WhiteElo "1700"]
[BlackElo "2011"]
[PlyCount "62"]
[EventDate "2006.09.30"]

1. e4 c5 2. Nc3 e6 3. g3 Nc6 4. Bg2 g6 5. f4 Nge7 6. Nf3 Bg7 7. O-O d6 8. d3
O-O 9. h3 Rb8 10. g4 f5 11. Qe1 b5 12. exf5 exf5 13. g5 b4 14. Ne2 Re8 15. h4
Bb7 16. h5 Qc7 17. h6 Bh8 18. Nd2 Nd4 19. Nxd4 Bxd4+ 20. Kh2 Bc6 21. Nf3 Nd5
22. Qd1 Be3 23. Nh4 Bxc1 24. Bxd5+ Bxd5 25. Rxc1 Re6 26. Re1 Rbe8 27. Qd2 Qe7
28. Rxe6 Qxe6 29. Rd1 Qe2+ 30. Kg1 Qg4+ 31. Ng2 Re2 0-1